| 000 | 00621nam a2200241 a 4500 | ||
|---|---|---|---|
| 001 | 13252 | ||
| 003 | BD-JhCC | ||
| 005 | 20230801095128.0 | ||
| 008 | 230801s ii a|||| |||| 000 0 ben d | ||
| 020 | _a9789389504408 | ||
| 035 | _a(BD-JhCC)13252 | ||
| 040 |
_aBD-JhCC _dBD-JhCC |
||
| 041 | _aeng | ||
| 082 |
_a377 _bSAW |
||
| 100 | _aSawan | ||
| 245 |
_a365 moral stories / _cSawan |
||
| 260 |
_aNew Delhi : _bManoj Publications, _c? |
||
| 300 |
_a192 p. : _bcolor page, _c23 cm. |
||
| 650 | _aMoral education | ||
| 650 | _aMoral education (Elementary) | ||
| 650 | _aChildren--Conduct of life | ||
| 942 |
_2ddc _cREF |
||
| 999 |
_c13253 _d13253 |
||